Introducción a la bioquímica. Texto programado

Gardado en:
Detalles Bibliográficos
Autor Principal: Stephenson, William K (Author)
Formato: Libro
Idioma:Lingua castelá
Publicado: Ciudad de México Limusa-Wiley 1971
Subjects:
Tags: Engadir etiqueta
Sen Etiquetas, Sexa o primeiro en etiquetar este rexistro!

MARC

LEADER 00000nam a2200000 a 4500
001 UCR5313
003 CL-VaPUC
008 980327e19710000MX |||||||||||||||||spa|d
082 0 4 |a 572  |b STE  |2 21 
100 0 |a Stephenson, William K  |e author  |9 406077 
245 1 0 |a Introducción a la bioquímica. Texto programado 
300 |a 270 p 
942 |c BK 
945 |d 19980327 00:00:00  |a crobeson 
260 |a Ciudad de México  |b Limusa-Wiley  |c 1971 
650 0 |a Bioquímica   |9 259492 
650 7 |a FENOMENOS BIOQUIMICOS  |2 CL-VaPUC  |9 360969 
650 0 |a Análisis bioquímico  |9 363390 
650 0 |a Biología molecular  |9 269677 
583 |a last modification  |c 19980327 00:00:00  |k Rodrigo Vera 
999 |c 267928  |d 267926 
952 |0 0  |1 0  |4 0  |6 572_000000000000000_STE_1971  |7 0  |8 A  |9 300762  |a BIBALI  |b BIBALI  |c GEN  |d 2019-11-20  |i 1973053  |o 572 STE 1971  |p 1973053  |r 2025-01-20  |w 2019-11-20  |y BK  |k ALI